Normal view MARC view

Entry Personal Name

Number of records used in: 1

001 - CONTROL NUMBER

  • control field: 42219

003 - CONTROL NUMBER IDENTIFIER

  • control field: dpl

005 - DATE AND TIME OF LATEST TRANSACTION

  • control field: 20120216111313.0

008 - FIXED-LENGTH DATA ELEMENTS

  • fixed length control field: 120216|||a|||||| | ||| d

040 ## - CATALOGING SOURCE

  • Original cataloging agency: dpl
  • Transcribing agency: dpl

100 ## - HEADING--PERSONAL NAME

  • Personal name: Chatterjee,Upamanyu

670 ## - SOURCE DATA FOUND

  • Source citation: Work cat.: (dpl): Chatterjee,Upamanyu, The last burden /, 1997

670 ## - SOURCE DATA FOUND

  • Source citation: Work cat.: (dpl): Chatterjee,Upamanyu, The last burden /, 1997

© Delhi Public Library
Hit Counter
free hit counter